| 000 | 01015 a2200241 4500 | ||
|---|---|---|---|
| 001 | 67 | ||
| 005 | 20260407155407.0 | ||
| 008 | 260407a2004 arg spa d | ||
| 003 | AR-UNSa-BCEJYS | ||
| 040 |
_aAR-UNSa-BCEJYS _bspa _cAR-UNSa-BCEJYS |
||
| 080 |
_a261:33 _xIglesia y Economía |
||
| 245 | 1 | 0 |
_aJusticia distributiva para América Latina _puna propuesta desde la doctrina social de la Iglesia |
| 020 | _a987-1140-19-3 | ||
| 250 | _a1a. ed | ||
| 264 | 1 |
_aBuenos Aires : _bOsmar D. Buyatti _c2004 |
|
| 300 |
_a270 p. _c22 cm. |
||
| 505 | _a1. Concepciones globales de la Doctrina Social de la Iglesia - 2. La participación como guía para reconstruir la organización de la producción - 3. El empresario - 4. El desarrollo de los pueblos - 5. El camino a recorrer | ||
| 041 | _aspa | ||
| 942 | _cBK | ||
| 590 | _aniveau_biblio:m niveau_hierar:0 | ||
| 100 | 1 | _aKesman, Carlos Vido | |
| 856 | 4 | 1 |
_uhttps://biblioeco.unsa.edu.ar/pmb/images/libros/Justicia distributiva-l116427.jpg _yImagen de portada _qimage/jpeg |
| 999 |
_c49 _d49 |
||